000 00359nam a2200157Ia 4500
003 Ost
005 20260225132551.0
008 260225s9999||||xx |||||||||||||| ||und||
040 _cfsic
041 _afre
082 _a70.4
100 _aCasterman
_eAuteur
245 0 _aDossiers du cinéma films :
245 0 _b1,2,3,f1,f3 /
_cCasterman
942 _cكتاب
999 _c34158
_d34158